The straits of Malacca,Siam and Indo-China

Bibliographic Details
Main Author: Thomson, John
Format: Book
Published: Singapore : Oxford University Press , 1993
Subjects:

MARC

LEADER 00000cam a2200000 7i4500
001 0000017309
002 000018855
005 20080111.0
020 |a 0195886003 
090 0 0 |a 551.46765   |b THO 
100 0 |a Thomson, John 
245 1 0 |a The straits of Malacca,Siam and Indo-China   |c John Thomson 
260 |a Singapore :   |b Oxford University Press ,   |c 1993 
300 |a 178p. :   |b ill ;   |c 22cm. 
650 0 0 |a Malacca, Straits of 
999 |a 00069483   |b BUKU   |c PINJAMAN   |e PERPUSTAKAAN KOMUNITI PETALING JAYA